000 01318nam0a22002531 4500
001 rc\3262783
005 20260408074829.0
021 _aRU
_bРг4662-70
035 _a(NLR Aleph) 007387816
090 _a6578068
_c6578068
100 _a20130115d1969 |||y0rusy50 ca
101 0 _arus
102 _aRU
105 _aa c |||||
200 1 _aУказания по монтажу 9-этажных крупнопанельных жилых домов серии 1-515/9
_e(ВСН-3-68)
_e[Утв. 12/I 1968 г.
_eСрок введения 1 февр. 1968]
_fОрдена Ленина Гл. упр. по жил. и гражд. строительству в г. Москве. Главмосстрой при Мосгорисполкоме. Техн. упр.
210 _aМосква
_cМосоргстрой
_d1969
215 _a83 с., 2 л. табл.
_cсхем.
_d22
532 1 1 _aУказания по монтажу девятиэтажных крупнопанельных жилых домов серии 1-515/9
712 0 2 _aМосковское главное управление по жилищному и гражданскому строительству
_9634592
_3RU\NLR\AUTH\8810066484
801 0 _aRU
_bNLR
_gpsbo
801 1 _aRU
_bELAR
_2rusmarc
852 _aNLR
_jПт 80/117
942 _cBOOK
980 _aNB